| 000 | 00531nam a2200205 a 4500 | ||
|---|---|---|---|
| 001 | BS0001850 | ||
| 003 | BR-BrBNA | ||
| 005 | 20230929121551.0 | ||
| 008 | 230308b |||||||| |||| 00| 0 por d | ||
| 040 |
_aBR-BrBNA _bpor _cBiblioteca Nacional de Agricultura |
||
| 041 | _apor | ||
| 072 | _aS86 | ||
| 090 |
_aS86 _bBS0001850 |
||
| 100 | 1 | _aBraga, Rubem. | |
| 245 | 1 | _aRecado de primavera / | |
| 260 | 3 |
_aSão Paulo: _bCirculo do Livro, _c1984. |
|
| 300 | _a176 p. | ||
| 650 | _aLITERATURA BRASILEIRA; CRÔNICA | ||
| 942 |
_cBK _2AGRIS |
||
| 999 |
_c6910 _d6910 |
||